[Event "TCh-FIN 2006-7"]
[Site "Helsinki FIN"]
[Date "2007.03.10"]
[Round "8"]
[White "Vihinen,T"]
[Black "Linnanen,L"]
[Result "1/2-1/2"]
[WhiteElo "2190"]
[BlackElo "2182"]

1.e4 g6 2.d4 Bg7 3.Nc3 c6 4.Be3 d6 5.h3 Nd7 6.Nf3 b5 7.Bd3 Nb6 8.O-O b4 9.Ne2 a5
10.a3 Rb8 11.axb4 axb4 12.Ra7 Nf6 13.Qd2 Nbd7 14.Ra4 Qb6 15.e5 Nd5 16.Bh6 O-O
17.Bxg7 Kxg7 18.exd6 exd6 19.c4 bxc3 20.bxc3 Qb2 21.Bc2 N7b6 22.Ra7 Nc4 23.Qd3 Na3
24.c4 Nxc2 25.cxd5 cxd5 26.Nf4 Bf5 27.Qa6 Nxd4 28.Qxd6 Nxf3+ 29.gxf3 Rbd8
30.Qc5 Qe5 31.Ra4 Qd6 32.Qd4+ Qf6 33.Kg2 Rd6 34.Rd1 Rfd8 35.Kg3 Qxd4 36.Raxd4 Be6
37.h4 Kf6 38.Ng2 Ra6 39.Ne3 Ra5 40.R1d2 Rb5 41.Kf4 Rd7 42.Rd1 Rc5 43.R1d2 h6
44.Kg3 Rb5  1/2-1/2

[Event "I Open"]
[Site "La Laguna ESP"]
[Date "2007.03.11"]
[Round "8"]
[White "Movsziszian,K"]
[Black "Barlov,D"]
[Result "1-0"]
[WhiteElo "2445"]
[BlackElo "2439"]

1.e4 g6 2.d4 Bg7 3.Nc3 c6 4.Nf3 d6 5.Be3 Nf6 6.Qd2 b5 7.Bd3 Ng4 8.Bg5 h6
9.Bh4 Nf6 10.O-O g5 11.Bg3 Nh5 12.e5 dxe5 13.Ne2 Be6 14.a4 bxa4 15.Rxa4 Nd7
16.Rfa1 Qb8 17.b4 Nb6 18.Ra6 Bc8 19.R6a5 e6 20.c3 Bb7 21.h3 Bf8 22.Bh2 Be7
23.Ne1 Bd8 24.R5a2 Ng7 25.g4 h5 26.Nf3 hxg4 27.hxg4  1-0

[Event "Vladimir Zak mem"]
[Site "St Petersburg RUS"]
[Date "2007.03.27"]
[Round "4"]
[White "Fateev,M"]
[Black "Palchun,G"]
[Result "1-0"]
[WhiteElo "2135"]
[BlackElo "2047"]

1.e4 g6 2.d4 Bg7 3.Nc3 c6 4.Be3 d5 5.e5 Nh6 6.f4 O-O 7.Nf3 Bg4 8.h3 Bxf3
9.Qxf3 Nf5 10.Bf2 Qb6 11.O-O-O e6 12.g4 Ne7 13.Bd3 f5 14.Bh4 Qc7 15.Bf2 b5
16.h4 Bh6 17.g5 Bg7 18.h5 Rc8 19.Rh2 Nd7 20.Rdh1 a5 21.hxg6 hxg6 22.Rh7 Nf8
23.Rxg7+ Kxg7 24.Qh3 Kf7 25.Qh8 Rab8 26.Qf6+ Ke8 27.Rh8 Kd7 28.Qf7 Qd8 29.Be1 Qe8
30.Qf6 Kc7 31.a3 Kb6 32.Nb1 Qd7 33.Nd2 Qa7 34.Nb3 Nd7 35.Qxe7 Rxh8 36.Bxa5+ Ka6
37.Qxe6 Rbc8 38.Bb4 Kb6 39.a4 Rh1+ 40.Kd2 Rh2+ 41.Kc3 Qb7 42.Nc5 Nxc5 43.Bxc5+ Ka5
44.Bb4+ Kb6 45.axb5 Ka7 46.Bc5+ Ka8 47.bxc6 Qxc6 48.Qxc6+ Rxc6 49.Bb5 Rc8
50.Bd7 Rd8 51.e6 Re2 52.Kd3 Re1 53.Bc6+ Kb8 54.e7 Rc8 55.Bd6+ Ka7 56.Bxd5 Rd1+
57.Ke3 Rg1 58.Kd2 Kb6 59.Bc5+ Kc7 60.Bf7 Rg2+ 61.Kd3  1-0

[Event "Vladimir Zak mem"]
[Site "St Petersburg RUS"]
[Date "2007.03.31"]
[Round "8"]
[White "Smirnov,Arty"]
[Black "Efremova,D"]
[Result "0-1"]
[WhiteElo "2107"]
[BlackElo "2027"]

1.e4 g6 2.d4 Bg7 3.Nc3 c6 4.f4 d5 5.e5 h5 6.Bd3 Nh6 7.Nce2 Bg4 8.h3 Bf5 9.Bxf5 Nxf5
10.Nf3 Nd7 11.Kf2 h4 12.Ng5 Nf8 13.g4 hxg3+ 14.Nxg3 Qd7 15.Be3 Nxe3 16.Kxe3 f6
17.Nf3 Rxh3 18.Rxh3 Qxh3 19.Kf2 O-O-O 20.Qd2 fxe5 21.dxe5 Qd7 22.Rh1 Ne6
23.Rh7 Rf8 24.f5 gxf5 25.Nh5 Rg8 26.Qe1 Qd8 27.Nh4 Qb6+ 28.Qe3 Bxe5 29.Qxb6 axb6
30.Rxe7 Bd4+ 31.Ke2 Ng7 32.Nxg7 Rxg7 33.Rxg7 Bxg7 34.c3 f4 35.Ng6 Bh6 36.Ne5 Kc7
37.Kf3 Bf8 38.Kxf4 Bd6 39.Kf5 Bxe5 40.Kxe5 Kd7 41.b3 b5 42.b4 Ke7 43.Kd4 Kd6
44.a3 b6  0-1

[Event "ch-Catalonia"]
[Site "Barcelona ESP"]
[Date "2007.04.02"]
[Round "2"]
[White "Blasco Benito,A"]
[Black "Moskalenko,V"]
[Result "0-1"]
[WhiteElo "2133"]
[BlackElo "2539"]

1.e4 g6 2.d4 Bg7 3.Nc3 c6 4.Be3 d6 5.Bc4 Nf6 6.f3 d5 7.exd5 b5 8.Bb3 b4 9.Ne4 Nxd5
10.Bxd5 cxd5 11.Ng3 Nc6 12.N1e2 a5 13.Qd2 h5 14.O-O Ba6 15.Rfe1 e6 16.Rad1 Rc8
17.Bg5 Qb6 18.c3 h4 19.Nh1 h3 20.g3 Ne5 21.Rf1 Nc4 22.Qc2 bxc3 23.bxc3 Qb2
24.Qxb2 Nxb2 25.Rd2 Nc4 26.Rc2 Na3 27.Rd2 Bxe2 28.Rxe2 Rxc3 29.Rd2 Nc4 30.Rdd1 Kd7
31.Bf4 a4 32.Nf2 Rxf3 33.Rb1 Kc6 34.Rfd1 Ra3 35.Ng4 Rxa2 36.Ne5+ Bxe5 37.Bxe5 Ra8
38.Rf1 f5 39.Rfe1 Rb2 40.Rbc1 a3 41.Bf6 Kd7 42.Be5 a2  0-1

[Event "30th Open"]
[Site "San Sebastian ESP"]
[Date "2007.04.03"]
[Round "3"]
[White "Andres Gonzalez,I"]
[Black "Sebenik,M"]
[Result "1/2-1/2"]
[WhiteElo "2372"]
[BlackElo "2483"]

1.e4 g6 2.d4 Bg7 3.Nc3 c6 4.Nf3 d5 5.h3 Nh6 6.Bf4 f6 7.exd5 cxd5 8.Nb5 O-O
9.c4 a6 10.Nc3 e6 11.Be2 Nf5 12.O-O dxc4 13.Bxb8 Rxb8 14.Bxc4 b5 15.Bb3 Kh8
16.Re1 Re8 17.Rc1 Bh6 18.Rc2 Bb7 19.d5 b4 20.Na4 Bxd5 21.Bxd5 exd5 22.Rxe8+ Qxe8
23.Nc5 Qc6 24.g4 Ng7 25.Qd3 Ra8 26.Nxa6 Qxa6 27.Qxa6 Rxa6 28.Rc8+ Ne8 29.Rxe8+ Kg7
30.Rb8 Rxa2 31.Rxb4 Ra1+ 32.Kg2 Rd1 33.h4  1/2-1/2

[Event "1st Alexandr Buslaev Mem"]
[Site "Tbilisi GEO"]
[Date "2007.04.04"]
[Round "3"]
[White "Gelazonia,P"]
[Black "Gurgenidze,B"]
[Result "1-0"]
[WhiteElo "2312"]
[BlackElo "2182"]

1.e4 g6 2.d4 c6 3.Nc3 Bg7 4.h3 d6 5.a4 a5 6.Be3 Na6 7.Qd2 Nb4 8.g3 Nf6 9.Bg2 h5
10.Nge2 Be6 11.Nb1 Bc4 12.Na3 Ba6 13.Nc1 e5 14.c3 exd4 15.Bxd4 O-O 16.cxb4 axb4
17.Nc2 Nxe4 18.Bxe4 Re8 19.f3 d5 20.Bxg7 dxe4 21.Qxd8 Raxd8 22.f4  1-0

[Event "LIII Mexican Open"]
[Site "Aguascalientes MEX"]
[Date "2007.04.05"]
[Round "4"]
[White "Prieto,E"]
[Black "Amura,C"]
[Result "1/2-1/2"]
[WhiteElo "2146"]
[BlackElo "2357"]

1.e4 g6 2.d4 Bg7 3.Nc3 c6 4.f4 d6 5.Nf3 Bg4 6.Be2 Qb6 7.e5 Nh6 8.Ne4 Nf5
9.c3 Nd7 10.e6 fxe6 11.Nfg5 Bxe2 12.Qxe2 Nf8 13.g4 Nxd4 14.cxd4 Qxd4 15.Nf2 e5
16.fxe5 Bxe5 17.O-O Bf6 18.Be3 Qxb2 19.Qxb2 Bxb2 20.Rab1 Bf6 21.Rxb7 h6 22.Nge4 Nd7
23.Nd3 Kd8 24.Nxf6 exf6 25.Bd4 Kc8 26.Rb2 Rf8 27.Rbf2 h5 28.gxh5 gxh5 29.Bxf6 Kc7
30.Bc3 Rg8+ 31.Kh1 c5 32.Nf4 Kc6 33.Nxh5 Nb6 34.Nf6 Rgd8 35.Ne4 d5 36.Rf6+ Kb5
37.Nd6+ Ka4 38.R1f4+ Ka3 39.Nb7 d4 40.Nxd8 dxc3 41.Ne6 Nd5 42.Nxc5 Nxf6 43.Rxf6 Kxa2
44.Ra6+ Kb1 45.Ne4 c2 46.Nc3+ Kb2 47.Na4+ Kb3 48.Rc6 Kxa4 49.Rxc2 a5 50.Rf2 Rb8
51.h4 Kb3 52.Rf3+ Ka2 53.Rf2+ Kb3  1/2-1/2

[Event "9th Open"]
[Site "Foxwoods USA"]
[Date "2007.04.05"]
[Round "2"]
[White "Fleischman,E"]
[Black "Hanken,J"]
[Result "1-0"]
[WhiteElo "2092"]
[BlackElo "1994"]

1.d4 g6 2.e4 Bg7 3.Nc3 c6 4.Bc4 b5 5.Bb3 b4 6.Nce2 Nf6 7.e5 Nd5 8.a3 bxa3
9.Rxa3 d6 10.exd6 exd6 11.Nf3 O-O 12.O-O Nc7 13.Bg5 Qd7 14.Qd2 Ba6 15.Rfa1 Bxe2
16.Qxe2 Nb5 17.Ra4 Re8 18.Qd2 d5 19.Bh6 Bh8 20.Re1 Re4 21.Rxe4 dxe4 22.Ng5 Nd6
23.Qf4 Qe7 24.Qxd6  1-0

[Event "1st Alexandr Buslaev Mem"]
[Site "Tbilisi GEO"]
[Date "2007.04.05"]
[Round "4"]
[White "Hambardzumian,Y"]
[Black "Sikharulidze,G"]
[Result "1/2-1/2"]
[WhiteElo "2351"]
[BlackElo "2296"]

1.e4 g6 2.d4 Bg7 3.Nc3 c6 4.Nf3 d6 5.Bc4 Nf6 6.O-O b5 7.Bd3 O-O 8.h3 a6 9.e5 Nd5
10.Nxd5 cxd5 11.a4 dxe5 12.Nxe5 Qb6 13.c3 Nd7 14.Ng4 b4 15.Re1 e6 16.Qf3 a5  1/2-1/2

[Event "1st Alexandr Buslaev Mem"]
[Site "Tbilisi GEO"]
[Date "2007.04.06"]
[Round "6"]
[White "Gasparian,T"]
[Black "Sikharulidze,G"]
[Result "1-0"]
[WhiteElo "2204"]
[BlackElo "2296"]

1.e4 g6 2.d4 Bg7 3.Nc3 c6 4.Nf3 d6 5.Bc4 Nf6 6.Bb3 O-O 7.Bg5 Qa5 8.Qd2 b5
9.e5 b4 10.exf6 bxc3 11.Qxc3 Qxc3+ 12.bxc3 exf6 13.Bf4 d5 14.c4 Be6 15.c5 a5
16.Ba4 Bg4 17.Kd2 Rc8 18.Rab1 Nd7 19.Rb6 Nxb6 20.cxb6 Rab8 21.Bxb8 Bh6+ 22.Kc3 Rxb8
23.Rb1 Bd7 24.Ne1 Bf8 25.Nd3 Bd6 26.Nc5 Be8 27.b7 Kf8 28.Rb6 Bxc5 29.dxc5 Ke7
30.Kd4 Kd8 31.Bxc6 Bxc6 32.Rxc6 Rxb7 33.Rd6+ Kc8 34.Rb6 Re7 35.Rxf6 Re2 36.Rxf7 Rxc2
37.a3 Rd2+ 38.Ke5 d4 39.Kd6 Rc2 40.c6 Kb8 41.Rf3 a4 42.Kd7 Ka7 43.Rd3 Rxf2
44.Rxd4 Rf7+ 45.Kd6 Rf6+ 46.Kc5 Rf5+ 47.Rd5 Rf2 48.Rd8 Rf5+ 49.Kd6 Rf6+ 50.Kc7 h5
51.Kd7  1-0

[Event "1st Alexandr Buslaev Mem"]
[Site "Tbilisi GEO"]
[Date "2007.04.10"]
[Round "10"]
[White "Purtseladze,M"]
[Black "Sikharulidze,G"]
[Result "1-0"]
[WhiteElo "2348"]
[BlackElo "2296"]

1.d4 g6 2.e4 Bg7 3.Nc3 c6 4.f4 d5 5.e5 h5 6.Nf3 Bg4 7.h3 Bxf3 8.Qxf3 h4 9.f5 gxf5
10.Qxf5 e6 11.Qg4 Kf8 12.Bg5 Qb6 13.O-O-O Nd7 14.Bd3 c5 15.Rhf1 Nh6 16.Nxd5 Qa5
17.Be7+ Kg8 18.Qg5 exd5 19.Bf6 Nxf6 20.exf6  1-0

[Event "I Open Casino"]
[Site "Lugano SUI"]
[Date "2007.04.30"]
[Round "3"]
[White "Botta,Ga"]
[Black "Zozulia,A"]
[Result "1-0"]
[WhiteElo "1948"]
[BlackElo "2344"]

1.e4 g6 2.d4 Bg7 3.Nc3 c6 4.Be3 d6 5.Nf3 Nf6 6.Qd2 b5 7.a3 a6 8.Bh6 O-O 9.Bxg7 Kxg7
10.Bd3 Qc7 11.e5 dxe5 12.dxe5 Ng4 13.Qf4 Nh6 14.h4 Qd7 15.h5 Qg4 16.Qe3 g5
17.Nxg5 Nf5 18.Bxf5 Bxf5 19.Nf3 Kh8 20.O-O-O f6 21.exf6 exf6 22.Rd4 Qg7 23.Nh4 c5
24.Rd5 Bg4 25.f3 Bd7 26.Ng6+ hxg6 27.hxg6+ Kg8 28.Rdh5 Qxg6 29.Rh8+ Kg7 30.Qe7+  1-0

[Event "3rd UKR Games Men"]
[Site "Evpatoria UKR"]
[Date "2007.05.22"]
[Round "2"]
[White "Khaetsky,R"]
[Black "Trembach,V"]
[Result "1-0"]
[WhiteElo "2379"]
[BlackElo "2246"]

1.e4 g6 2.d4 Bg7 3.Nc3 c6 4.Be2 d5 5.e5 f6 6.exf6 exf6 7.h4 Ne7 8.h5 Nf5
9.g4 Nd6 10.Nh3 Kf7 11.Qd3 Na6 12.Bf4 Nc4 13.Qf3 b5 14.O-O-O Nc7 15.hxg6+ hxg6
16.Bxc4 bxc4 17.Ng5+ Kg8 18.Rxh8+ Bxh8 19.Bxc7 Qxc7 20.Nxd5 Qd6 21.Ne4 Qxd5
22.Nxf6+ Bxf6 23.Qxf6 Qf7 24.Qxc6 Bb7 25.Qd6 Re8 26.d5 Kg7 27.a4 Qe7 28.Qf4 Qe4
29.Qc7+ Re7 30.Qc5 Rd7 31.Qxa7 Qxg4 32.Qe3 Qh4 33.d6 Qf6 34.Qc5 Bf3 35.Rd2 Qe6
36.Qd4+ Kg8 37.Kb1 g5 38.a5 Qe4 39.Qc3 g4 40.a6 Qc6 41.Qe5 Qe4 42.Qxe4 Bxe4
43.Rd4 Bf3 44.a7 Kg7 45.Rxg4+ Kh6 46.Rf4 Bd5 47.Rd4 Bf3 48.Rf4 Bd5 49.Rf5 Bg2
50.Rf6+ Kh7 51.Rf4 Bd5 52.Rf5 Bg2 53.Rh5+ Kg6 54.Rh8 Kf5 55.a8=Q Bxa8 56.Rxa8 Rxd6
57.Rc8 Rd1+ 58.Ka2 Ke5 59.Ka3 Rf1 60.Kb4 Kd5 61.Rc5+ Kd6  1-0

[Event "3rd UKR Games Men"]
[Site "Evpatoria UKR"]
[Date "2007.05.25"]
[Round "7"]
[White "Zavgorodniy,S"]
[Black "Trembach,V"]
[Result "1-0"]
[WhiteElo "2422"]
[BlackElo "2246"]

1.e4 g6 2.d4 Bg7 3.Nc3 c6 4.Nf3 d6 5.a4 Nf6 6.Be2 O-O 7.h3 Nbd7 8.O-O Qc7
9.Be3 e5 10.dxe5 dxe5 11.Bc4 b6 12.Qe2 h6 13.Rad1 Kh7 14.Qd2 Ne8 15.Nh2 Nc5
16.Qd8 Qb7 17.Qh4 Nf6 18.Bxh6 Bxh6 19.Qxf6 Qc7 20.Ng4 Bxg4 21.hxg4 Bg7 22.Qh4+ Kg8
23.Qg5 Kh7 24.b4 Ne6 25.Bxe6 fxe6 26.Rd3 Qf7 27.Rh3+ Kg8 28.Qh4  1-0

[Event "XXII Felix Cup"]
[Site "Felix Spa ROM"]
[Date "2007.05.26"]
[Round "2"]
[White "Chiru,I"]
[Black "Butunoi,A"]
[Result "1-0"]
[WhiteElo "2115"]
[BlackElo "2420"]

1.e4 g6 2.d4 Bg7 3.Nc3 c6 4.f4 d5 5.e5 Nh6 6.Be3 f6 7.h3 fxe5 8.dxe5 e6 9.Qd2 Nd7
10.Nf3 Nf7 11.h4 Qc7 12.O-O-O b5 13.Nd4 Nd8 14.Bxb5 cxb5 15.Ncxb5 Qb8 16.Nxe6 Nxe6
17.Qxd5 Nb6 18.Nd6+ Kf8 19.Qe4 Nc7 20.h5 Bf5 21.Nxf5 gxf5 22.Qxf5+ Kg8 23.h6 Qf8
24.Qg4 Nbd5 25.hxg7 Qxg7 26.Qxg7+ Kxg7 27.Bd2 Rac8 28.g3 h5 29.c4 Nb6 30.Bc3 Kg6
31.b3  1-0

[Event "XXII Felix Cup"]
[Site "Felix Spa ROM"]
[Date "2007.05.27"]
[Round "4"]
[White "Bulmaga,I"]
[Black "Butunoi,A"]
[Result "0-1"]
[WhiteElo "2149"]
[BlackElo "2420"]

1.e4 g6 2.d4 Bg7 3.Nc3 c6 4.h3 d6 5.f4 b5 6.a3 Bb7 7.Nf3 Nd7 8.Be3 Nb6 9.Bd3 Nf6
10.O-O O-O 11.Qe2 a5 12.g4 b4 13.axb4 axb4 14.Rxa8 Qxa8 15.Nd1 d5 16.e5 Ne4
17.Qe1 b3 18.cxb3 Ba6 19.Bxa6 Qxa6 20.f5 Qd3 21.Nd2 f6 22.e6 Nxd2 23.Qxd2 Qxb3
24.Qc3 Qxc3 25.bxc3 Nc4 26.Bf4 Ra8 27.Nf2 gxf5 28.gxf5 h5 29.Rb1 Ra7 30.Rb8+ Kh7
31.Rd8 Bh6 32.Bxh6 Kxh6 33.Rd7 Ra1+ 34.Kh2 Kg5 35.Rxe7 Kxf5 36.Nd3 Ra2+ 37.Kg3 h4+
38.Kf3 Nd2+ 39.Ke3 Ne4 40.Nc5 Nxc5 41.dxc5 Ra4 42.Re8 Re4+ 43.Kd3 Rxe6 44.Rh8 Kg5
45.Rg8+ Kf4 46.Rg4+ Kf3 47.Rxh4 f5 48.Rh8 f4 49.Rd8 Re3+ 50.Kd2 Re2+ 51.Kd3 Re3+
52.Kd2 Re2+ 53.Kd3 Ra2 54.Rd6 Ra6 55.Rf6 Kg3 56.h4 f3 57.Ke3 d4+ 58.cxd4 Ra3+
59.Kd2 f2 60.Ke2 Ra2+ 61.Ke3 Kg2 62.Rg6+ Kf1 63.Rxc6 Ra3+ 64.Ke4 Ke2 65.Rf6 Re3+
66.Kd5 Rf3 67.Rxf3 Kxf3 68.c6 f1=Q 69.c7 Qb5+ 70.Kd6 Qb6+ 71.Kd7 Qxd4+ 72.Kc6 Qc4+
73.Kb7 Qb5+ 74.Ka7 Qc6 75.Kb8 Qb6+ 76.Kc8 Ke4 77.Kd7 Qb5+ 78.Kd6 Qd5+ 79.Ke7 Qc6
80.Kd8 Qd6+ 81.Kc8 Kd5  0-1

[Event "Aldo Perini Mem"]
[Site "Senigallia ITA"]
[Date "2007.05.29"]
[Round "3"]
[White "Okhotnik,V"]
[Black "Todorov,T"]
[Result "0-1"]
[WhiteElo "2484"]
[BlackElo "2499"]

1.d4 g6 2.e4 Bg7 3.Nc3 c6 4.f4 d5 5.e5 Nh6 6.Nf3 Bg4 7.Be3 f6 8.h3 Bxf3 9.Qxf3 O-O
10.e6 Qd6 11.O-O-O Qxe6 12.g4 f5 13.g5 Nf7 14.h4 Nd6 15.h5 Nd7 16.Kb1 Nb6
17.Bc1 Rad8 18.Qh3 Kf7 19.b3 Qd7 20.Rh2 e6 21.Ba3 Rfe8 22.Ne2 Ne4 23.Nc1 Qc7
24.Nd3 Nc3+ 25.Kc1 Nxd1 26.Ne5+ Bxe5 27.hxg6+ hxg6 28.Qh7+ Bg7 29.Rh6 Qxf4+
30.Kb1 Qxg5  0-1

[Event "29th Mem Nezhmetdinov"]
[Site "Kazan RUS"]
[Date "2007.06.02"]
[Round "2"]
[White "Hamidullin,A"]
[Black "Isajevsky,A"]
[Result "1/2-1/2"]
[WhiteElo "2267"]
[BlackElo "2466"]

1.e4 g6 2.d4 Bg7 3.Nc3 c6 4.Be2 d5 5.Nf3 dxe4 6.Nxe4 Nd7 7.O-O Ngf6 8.Ng3 O-O
9.c4 b6 10.Bf4 Bb7 11.Qd2 e6 12.Bh6 Qe7 13.Rad1 Rfd8 14.Qg5 Bxh6 15.Qxh6 c5
16.Rfe1 Rac8 17.d5 exd5 18.cxd5 Qf8 19.Qg5 h6 20.Qh4 Nxd5 21.Bc4 N5f6 22.Rxd7 Nxd7
23.Re7 g5 24.Nxg5 Qxe7 25.Bxf7+ Qxf7 26.Nxf7 Kxf7 27.Qh5+ Ke6 28.Qg4+ Kf6
29.Qf4+ Ke6 30.Qf5+ Kd6 31.Qf4+ Ke6 32.Qf5+  1/2-1/2

[Event "XV Lasker Mem Open A"]
[Site "Barlinek POL"]
[Date "2007.06.03"]
[Round "2"]
[White "Lundberg,R"]
[Black "Maljush,A"]
[Result "0-1"]
[WhiteElo "2088"]
[BlackElo "2343"]

1.e4 g6 2.d4 Bg7 3.Nc3 c6 4.Be3 d5 5.e5 f6 6.f4 Nh6 7.Be2 b5 8.Bf3 Nd7 9.h4 Nf5
10.Bf2 h5 11.Qd3 Qa5 12.e6 Nf8 13.Bxh5 gxh5 14.Qxf5 Bxe6 15.Qd3 Bg4 16.Kf1 O-O-O
17.Nce2 e5 18.Be1 Qa4 19.b3 Qa3 20.Qc3 Kb7 21.dxe5 fxe5 22.fxe5 Nd7 23.Bg3 b4
24.Qd4 Rhf8+ 25.Nf3 Rde8 26.Re1 Qa6 27.Qxb4+ Ka8 28.Kg1 Bxf3 29.gxf3 Bxe5
30.f4 Bc7 31.Qd2 Ba5 32.Nc3 Qb6+ 33.Kh2 Qb4 34.Rxe8+ Rxe8 35.Re1 Rd8 36.Qd3 Qxc3
37.Qg6 Nf6 38.Rg1 Bb6 39.Rg2 Kb7 40.Qf5 Rg8 41.a4 Rg7 42.Qe6 Ng4+ 43.Kh3 Ne3
44.f5 Nxg2 45.Qd6 Rxg3+ 46.Qxg3 Nf4+  0-1

[Event "XV Lasker Mem Open A"]
[Site "Barlinek POL"]
[Date "2007.06.07"]
[Round "7"]
[White "Zezulkin,J"]
[Black "Sopur,L"]
[Result "0-1"]
[WhiteElo "2454"]
[BlackElo "2372"]

1.e4 g6 2.d4 Bg7 3.Nc3 c6 4.Bc4 b5 5.Bb3 b4 6.Qf3 e6 7.Nce2 d5 8.h4 a5 9.Ba4 dxe4
10.Qxe4 Bb7 11.h5 Nf6 12.Qh4 Nxh5 13.Bg5 Bf6 14.Bxf6 Qxf6 15.Qh2 Qe7 16.Nf3 Nf6
17.Ne5 Nfd7 18.Nc4 Ba6 19.Nd6+ Kf8 20.Nf4 Kg8 21.Ne4 Bc4 22.Qh6 Bd5 23.Ng5 Nf8
24.O-O-O Nbd7 25.Rde1 Qf6 26.Nxd5 cxd5 27.Bxd7 Nxd7 28.Nxh7 Qxd4 29.Rxe6 Qg7
30.Re7 Nf8 31.Qg5 Rxh7 32.Rxh7 Qxh7 33.Qxd5 Qh6+ 34.Kd1 Qh5+ 35.Qxh5 gxh5
36.Re5 h4 37.f4 Ng6 38.Rg5 Kg7 39.Ke2 Rc8 40.Kf3 Rc4 41.Ke3 Rxc2 42.b3 Rxa2
43.f5 Rb2 44.fxg6 Rxb3+ 45.Kf2 a4 46.gxf7+ Kxf7  0-1

[Event "XV Lasker Mem Open A"]
[Site "Barlinek POL"]
[Date "2007.06.08"]
[Round "8"]
[White "Voloshin,L"]
[Black "Maljush,A"]
[Result "1-0"]
[WhiteElo "2456"]
[BlackElo "2343"]

1.d4 g6 2.e4 Bg7 3.Nc3 c6 4.f4 d5 5.e5 h5 6.Be3 Nh6 7.h3 b6 8.Nf3 Ba6 9.Bxa6 Nxa6
10.Qd3 Nc7 11.Ne2 Nf5 12.Bf2 h4 13.O-O Ne6 14.a4 Qd7 15.a5 Rb8 16.axb6 axb6
17.Ra6 c5 18.Rfa1 Qc6 19.Ra7 Bh6 20.Nxh4 Nexd4 21.Nxd4 Nxd4 22.Bxd4 cxd4
23.Nf3 Bxf4 24.Nxd4 Qc5 25.e6 O-O 26.Kh1 f5 27.b4 Qc4 28.Qxc4 dxc4 29.Nc6  1-0

[Event "XV Lasker Mem Open A"]
[Site "Barlinek POL"]
[Date "2007.06.09"]
[Round "9"]
[White "Owczarzak,J"]
[Black "Sopur,L"]
[Result "0-1"]
[WhiteElo "2389"]
[BlackElo "2372"]

1.e4 g6 2.d4 Bg7 3.Nc3 c6 4.Bc4 b5 5.Bb3 b4 6.Nce2 d5 7.exd5 cxd5 8.a3 bxa3
9.Rxa3 Nf6 10.Nf3 O-O 11.O-O Nc6 12.Ne5 Bb7 13.Bf4 Ne4 14.Nxc6 Bxc6 15.Re1 a5
16.Ba4 Qb6 17.Qa1 Rfc8 18.c3 Bf8 19.f3 e5 20.Rb3 Qa6 21.Bc1 Qc4 22.Bxc6 Rxc6
23.Rb7 Qa6 24.fxe4 Qxb7 25.exd5 Rc4 26.dxe5 Re4 27.Bf4 Bc5+ 28.Kf1 Qxd5 29.Qd1 Qc4
30.g3 g5 31.Bxg5 Rxe5 32.Bf4 Qe4 33.Nd4 Qh1+ 34.Kf2 Qxh2+ 35.Kf3 Rxe1 36.Qxe1 Bxd4
37.cxd4 Qxb2 38.Qe4 Rd8 39.Be5 Qb3+ 40.Kf2 Qe6 41.Qf4 Qg6 42.Qe3 a4 43.Kg2 f6
44.Bf4 Re8 45.Qc3 Re2+ 46.Kf1 Rc2  0-1

[Event "11th Master Open"]
[Site "Voronezh RUS"]
[Date "2007.06.14"]
[Round "3"]
[White "Petrushin,A"]
[Black "Savchenko,B"]
[Result "0-1"]
[WhiteElo "2492"]
[BlackElo "2583"]

1.e4 g6 2.d4 Bg7 3.Nc3 c6 4.Bc4 b5 5.Bb3 a5 6.Qf3 e6 7.a4 b4 8.Nce2 d5 9.Nh3 dxe4
10.Qxe4 Nf6 11.Qf3 Bb7 12.Nhf4 Nbd7 13.O-O O-O 14.Nd3 Nd5 15.c4 bxc3 16.bxc3 c5
17.Qg3 Ba6 18.Bxd5 exd5 19.Bg5 Qc8 20.Nef4 cxd4 21.cxd4 Bc4 22.Rac1 Qb7 23.Rfe1 Rfe8
24.h4 f6 25.Bh6 Bxh6 26.Nxg6 Kf7 27.h5 Qc6 28.Ndf4 Qd6 29.Qg4 Bxf4 30.Nxf4 Nf8
31.Re3 Rxe3 32.fxe3 Qd7 33.Qf3 Re8 34.Rb1 Ne6 35.Qh3 Nf8 36.Qg3 Ne6 37.Qh3 Re7  0-1

[Event "Salongernas IM"]
[Site "Stockholm SWE"]
[Date "2007.06.15"]
[Round "7"]
[White "Blomqvist,E"]
[Black "Poley,V"]
[Result "1/2-1/2"]
[WhiteElo "2291"]
[BlackElo "2326"]

1.e4 g6 2.d4 Bg7 3.Nc3 c6 4.Nf3 d5 5.h3 Nf6 6.e5 Ne4 7.Nxe4 dxe4 8.Ng5 c5
9.e6 f6 10.Nf7 Qxd4 11.Qxd4 cxd4 12.Nxh8 Bxe6 13.Nxg6 hxg6 14.Bb5+ Kf7 15.O-O a6
16.Ba4 b5 17.Bb3 Bc4 18.c3 d3 19.f3 Nc6 20.fxe4 Na5 21.Bxc4+ Nxc4 22.b3 Nd6
23.Rd1 Nxe4 24.Rxd3 f5 25.Be3 Nxc3 26.Kf1 Nd5 27.Re1 e6 28.Rc1 Ke7 29.Bd2 Be5
30.Kf2 Bd6 31.Kf3 Kd7 32.Rd4 Rh8 33.Bg5 Rh5 34.h4 Be5 35.Rd3 Rh8 36.g4 Rf8
37.gxf5 Rxf5+ 38.Ke4 Bf4 39.Rg1 Kd6 40.Rf3 Re5+ 41.Kd4 Bxg5 42.Rxg5 Re2 43.a3 Rh2
44.Rxd5+ exd5 45.Rf6+ Kc7 46.Rxa6 Rxh4+ 47.Kc5 Rh3 48.b4 Rc3+ 49.Kxd5 g5
50.Rg6 Rxa3 51.Kc5 Rf3 52.Kxb5 Kb8 53.Ka6 Rf8 54.b5 Rh8 55.b6 Rf8 56.Rxg5 Rh8
57.Rg7  1/2-1/2

[Event "4th Alushta Summer"]
[Site "Alushta UKR"]
[Date "2007.06.16"]
[Round "2"]
[White "Belikov,V"]
[Black "Sitnikov,I"]
[Result "1-0"]
[WhiteElo "2564"]
[BlackElo "2401"]

1.d4 g6 2.e4 Bg7 3.Nc3 c6 4.Nf3 d5 5.h3 dxe4 6.Nxe4 Nd7 7.Qe2 Ndf6 8.Nc5 b6
9.Nd3 Ba6 10.b3 e6 11.c4 Ne7 12.Bb2 O-O 13.g4 c5 14.Bg2 Bb7 15.dxc5 bxc5
16.O-O Qc7 17.Be5 Qb6 18.Rfd1 Rfd8 19.Qb2 Ne8 20.Bxg7 Nxg7 21.Nde5 Ne8 22.Ng5 Nd6
23.Bxb7 Qxb7 24.Nexf7 Nxf7 25.Nxe6 Rd4 26.Rxd4 Ne5 27.Rd8+ Rxd8 28.Qxe5 Nc6
29.Nxd8 Nxd8 30.Qe8+  1-0

[Event "11th Master Open"]
[Site "Voronezh RUS"]
[Date "2007.06.16"]
[Round "5"]
[White "Slizhevsky,A"]
[Black "Novikov,St"]
[Result "1/2-1/2"]
[WhiteElo "2452"]
[BlackElo "2556"]

1.e4 g6 2.d4 Bg7 3.Nc3 c6 4.f4 d5 5.e5 Nh6 6.Nf3 f6 7.h3 Nf5 8.g4 Ng3 9.Rg1 Nxf1
10.Rxf1 Na6 11.Qe2 f5 12.Rg1 Be6 13.Be3 Qd7 14.Qg2 O-O-O 15.O-O-O Bh6 16.Qg3 b6
17.Qh4 Bf8 18.Ng5 Bg8 19.gxf5 Qxf5 20.Qg4 e6 21.a3 Be7 22.Ne2 Nc7 23.Qxf5 exf5
24.Nf3 Bf7 25.Bf2 Ne6  1/2-1/2

[Event "Salongernas IM"]
[Site "Stockholm SWE"]
[Date "2007.06.17"]
[Round "9"]
[White "Winge,S"]
[Black "Poley,V"]
[Result "0-1"]
[WhiteElo "2285"]
[BlackElo "2326"]

1.e4 g6 2.d4 Bg7 3.Nc3 c6 4.Nf3 d5 5.h3 Nh6 6.Bd3 f6 7.O-O O-O 8.Ne2 Nf7
9.c4 dxe4 10.Bxe4 Na6 11.Bf4 c5 12.Be3 f5 13.Bc2 b6 14.Rb1 cxd4 15.Bxd4 e5
16.Bc3 Qe7 17.Ng3 Be6 18.Qe2 Rac8 19.b3 Nb4 20.Rfe1 Nxa2 21.Ba1 e4 22.Bxg7 Kxg7
23.Bxe4 Nc3 24.Qb2 Qf6 25.Bb7 Nxb1 26.Qxf6+ Kxf6 27.Bxc8 Rxc8 28.Rxb1 Rd8
29.Kf1 a5 30.Ne2 g5 31.Nfd4 Bc8 32.Ke1 Ne5 33.Kd2 Bb7 34.f3 f4 35.Kc3 Ng6
36.Nc1 Re8 37.Nd3 Nh4 38.Rb2 Re3 39.Rd2 h5 40.Nc2 Re6 41.Nd4 Re8 42.Rb2 Re3
43.Rd2 Bc8 44.Nc2 Re8 45.Nde1 Nf5 46.Rd5 Be6 47.Rb5 Rb8 48.c5 Rc8 49.b4 axb4+
50.Kxb4 bxc5+ 51.Rxc5 Rxc5 52.Kxc5 Nh4 53.Kd4 Nxg2 54.Nxg2 Bxh3 55.Nge3 h4
56.Ne1 fxe3 57.Kxe3 Bf5 58.Kf2 Ke5 59.Ng2 Kd6 60.Ne3 Be6 61.f4 g4 62.f5 g3+
63.Kg2 Bd7 64.Kh3 Ke5 65.Kxh4 Kf4 66.f6 Be6 67.Ng2+ Kf3 68.Ne1+ Kf4 69.Nd3+ Kf3
70.Ne5+ Kf2 71.Ng4+ Kf3 72.Ne5+ Kf2 73.Ng4+ Bxg4 74.f7 g2 75.f8=Q+ Bf3  0-1

[Event "Open"]
[Site "Teplice CZE"]
[Date "2007.06.17"]
[Round "2"]
[White "Kudela,S"]
[Black "Karlik,V"]
[Result "0-1"]
[WhiteElo "2022"]
[BlackElo "2295"]

1.e4 g6 2.d4 Bg7 3.Nc3 c6 4.f4 d5 5.exd5 cxd5 6.Nf3 Nc6 7.Be3 Bg4 8.Be2 Nh6
9.Ne5 Bxe2 10.Qxe2 Nf5 11.O-O-O Rc8 12.g4 Nxe3 13.Qxe3 Qd6 14.Rhe1 O-O 15.h4 Rfd8
16.Kb1 Nxe5 17.fxe5 Qe6 18.Qf3 Rc4 19.Ne2 Qd7 20.g5 Qf5 21.Qxf5 gxf5 22.h5 e6
23.Nf4 Rdc8 24.c3 b5 25.a3 a5 26.Rd3 b4 27.axb4 axb4 28.Ne2 Bf8 29.Kc2 bxc3
30.Rxc3 Bb4 31.Ra1 Bxc3 32.bxc3 h6 33.gxh6 Kh7 34.Ra7 R4c7 35.Ra6 Kxh6 36.Kd2 Rg8
37.Nf4 Kg5 38.Nd3 Kxh5 39.Nc5 Rg2+ 40.Ke3 Kg4 41.Ra8 f4+ 42.Kd3 f3 43.Ke3 Re2+
44.Kd3 Rb2 45.Ke3 f2 46.Rg8+ Kf5 47.Rg2 f1=Q 48.Rxb2 Qc1+  0-1

[Event "III Perla Baltyku A"]
[Site "Mielno POL"]
[Date "2007.06.20"]
[Round "3"]
[White "Lapinski,K"]
[Black "Warakomski,T"]
[Result "1/2-1/2"]
[WhiteElo "2175"]
[BlackElo "2493"]

1.e4 g6 2.d4 Bg7 3.Nc3 c6 4.f4 d5 5.e5 Qb6 6.Be2 Nh6 7.Nf3 Bg4 8.h3 Bxf3
9.Bxf3 Nf5 10.Ne2 Nh4 11.O-O f6 12.Kh2 Na6 13.c3 O-O 14.Qd3 fxe5 15.fxe5 Nxf3+
16.Rxf3 Rxf3 17.Qxf3 Rf8 18.Qd3 c5 19.Bg5 cxd4 20.cxd4 e6 21.Qd2 Nb8 22.Ng1 Nc6
23.Be3 Qa6 24.Nf3 Na5 25.Qc1 Qe2 26.Qd2 Qxd2 27.Bxd2 Nc4 28.Bc1 h6 29.b3 Na5
30.Bd2 Nc6 31.Kg1 g5 32.Rc1 a6 33.Bc3 Kh7 34.Kf2 Kg6 35.Ke2 h5 36.Rf1 g4
37.hxg4 hxg4 38.Nh4+ Kh7 39.Rxf8 Bxf8 40.g3 Bh6 41.Ng2 Kg6 42.Kd3 Bg5 43.Be1 Ne7
44.Bd2 Bxd2 45.Kxd2 Nc6 46.Kc3 Kf5 47.Nf4 Ke4 48.Nxe6 Kf3 49.Nf4 Kxg3 50.Nxd5 Kf3
51.Kd3 g3 52.Ne3 Nb4+ 53.Kd2 Nd5 54.e6 g2 55.Nxg2 Kxg2 56.Kd3 Kf3 57.Kc4 Ke4
58.Kc5 b6+ 59.Kc6 Kxd4 60.e7 Nxe7+ 61.Kxb6 Nd5+ 62.Kxa6 Nb4+  1/2-1/2

[Event "4th Alushta Summer"]
[Site "Alushta UKR"]
[Date "2007.06.22"]
[Round "8"]
[White "Shtyrenkov,V"]
[Black "Sitnikov,I"]
[Result "1/2-1/2"]
[WhiteElo "2435"]
[BlackElo "2401"]

1.d4 g6 2.e4 Bg7 3.Nc3 c6 4.Bc4 d5 5.exd5 b5 6.Bb3 b4 7.Nce2 cxd5 8.a3 bxa3
9.Rxa3 Nf6 10.Ba4+ Bd7 11.c3 O-O 12.Nf3 Bxa4 13.Qxa4 Nbd7 14.O-O Nb6 15.Qa6 Qc8
16.Nf4 Nfd7 17.Nd3 Nc4 18.Ra2 Qxa6 19.Rxa6 Rfb8 20.Nb4 Rb6 21.Ra2 e6 22.Bf4 h6
23.Rfa1 g5 24.b3 Na3 25.Rxa3 gxf4 26.Rxa7 Rxa7 27.Rxa7 Nf6 28.Nd2 Ne4 29.Nxe4 dxe4
30.Ra4 Rb5 31.Kf1 Rh5 32.h3 f3 33.Nc2 fxg2+ 34.Kxg2 Rg5+ 35.Kf1 Rh5 36.Kg2 Rg5+
37.Kf1 Rh5 38.Kg2  1/2-1/2